00536cam a22002051 4500001001300000003000400013005001700017008004100034010001700075035002000092040001700112042001200129050001800141100002500159245002900184260006200213300001800275610002000293999001700313ne 68001778 DLC20260227111841.0940319s1965 tu 000 0 tur  ane 68001778  a(OCoLC)29989941 aDLCcCUdDLC apremarc00aJN9798.A1bS21 aŞahoğlu, Fikret.10aA. P.ʼnin içyüzü. a[İstanbul,bİsteme adresi: Toplum Yayınları,c1965] a88 p.c21 cm.20aAdalet Partisi. c50369d50369